| 000 | 00540nam a2200205Ia 4500 | ||
|---|---|---|---|
| 003 | GCL | ||
| 008 | 140319s9999 xx 000 0 eng d | ||
| 020 | _a1 84277 153 1 | ||
| 040 |
_aGCL / _cGCL |
||
| 082 | 0 | 4 |
_a338.9 _bF L |
| 100 | 1 | _aFEFFER, JOHN | |
| 245 | 1 | 0 |
_aLIVING IN HOPE / _cFEFFER, JOHN |
| 260 |
_aانجلترا : _bZED BOOKS LTD |
||
| 300 |
_a16 CM ؛ _c172 P |
||
| 650 | 0 | 4 | _aPLANS |
| 650 | 0 | 4 | _aECONOMIC DEVELOPMENT PROJECTS |
| 650 | 0 | 4 | _aDEVELOPING COUNTRIES |
| 650 | 0 | 4 | _aAFRICA - ECONOMIC CONDITIONS |
| 942 |
_2ddc _cBK |
||
| 999 |
_c5774 _d5774 |
||